00837nam a22002537a 450000500170000001000130001702000100003003500130004003700160005304000120006908200190008110000400010024500910014024600670023125000540029826000530035227000510040530000200045665000210047665000230049765000210052065000160054170000260055720170123162351.0 aA-369496 c40.00 aA-644876 bCen Lib/Ret aDPLbUR aن bٹ ے گ  aٹیگور، رابندر ماتھ  a/ گورا cرابندر ماتھ ٹیگوراور [مترجم] سجّاد ظہیر  aGoora /bby Rabindranath Tegore and [translator] Sajjad Zaheer aRabindranath Tegor and [translator] Sajjad Zaheer aنی دہلی bساہتیہ اکادمیc1962 aفروز شاہ روڈbنی دہلی e110001 a662p.c20cm(Hb) aاردو ادب  aاردو ناول  aUrdu Literatures aUrdu Novel  aظہیر، سجّاد